000 01930nam a2200349Ia 4500
003 CO-BoRNBP
005 20231020194924.0
008 160315s2009 ck g 000 f spa
020 _a9587042417
020 _a9587044789
040 _aCO-BoRNBP
_bspa
_erda
_cCO-BoRNBP
082 0 4 _222
_aP869.3 S243ca
100 1 _aSaramago, José,
_d1922-
_910239
245 1 3 _aLa caverna
_cJosé Saramago ; traducido por Pilar del Río
250 _a1a. reimpresión
264 _aBogotá
_bPunto de lectura
_c2009
300 _a399 páginas
_c19 cm
336 _atexto
_btxt
_2rdacontent
337 _asin mediación
_bn
_2rdamedia
338 _avolumen
_bnc
_2rdacarrier
490 _aPunto de Lectura
_v8/6
500 _aIncluye datos biográficos del autor
520 _aUna pequeña alfarería, un centro comercial gigantesco. Un mundo en rápido proceso de extinción, otro que crece y se multiplica como un juego de espejos donde no parece haber límites para la ilusión engañosa. Todos los días se extinguen especies animales y vegetales, todos los días hay profesiones que se tornan inútiles, idiomas que dejan de tener personas que los hablen, tradiciones que pierden sentido, sentimientos que se convierten en sus contrarios. Una familia de alfareros comprende que ha dejado de serle necesaria al mundo. Como una serpiente que muda de piel para poder crecer en otra que más adelante también se volverá pequeña, el centro comercial dice a la alfarería: «Muere, ya no necesito de ti». La caverna, una novela para cruzar el milenio.
534 _tA Caverna
650 1 4 _2LEMB
_aNovela portuguesa
_ySiglo XX
_910240
650 1 4 _2LEMB
_aLiteratura portuguesa
_ySiglo XX
_910241
650 1 4 _2LEMB
_aAlfareros en la literatura
_946597
650 1 4 _2LEMB
_aCambio social en la literatura
_946598
650 1 4 _2LEMB
_aTradiciones en la literatura
_946599
700 1 _aRío, Pilar de
_etraductor
_946600
942 _2ddc
_cBK
999 _c2383
_d2383